[Event "FRA-ch Rapid"]
[Site "Port Marly"]
[Date "2022.05.29"]
[Round "4"]
[White "Roux, Olivier"]
[Black "David, Alberto"]
[Result "0-1"]
[WhiteElo "2117"]
[BlackElo "2520"]
[PlyCount "62"]
[EventDate "2022.05.29"]
[EventType "swiss (rapid)"]
[EventRounds "9"]
[EventCountry "FRA"]
[SourceTitle "CBM 208 Extra"]
[Source "ChessBase"]
[SourceDate "2022.07.31"]
[SourceVersion "1"]
[SourceVersionDate "2022.07.31"]
[SourceQuality "1"]

1. e4 c6 2. d4 d5 3. Nc3 dxe4 4. Nxe4 Nf6 5. Ng3 h5 6. h4 Bg4 7. Be2 e6 8. Bg5 Nbd7 9. Bxg4 hxg4 10. Ne4 Qa5+ 11. Qd2 Bb4 12. Nc3 Ne4 13. Qd3 Nxc3 14. bxc3 Bxc3+ 15. Bd2 Bxd2+ 16. Qxd2 Qd5 17. f3 0-0-0 18. fxg4 Ne5 19. c3 Nc4 20. Qe2 e5 21. 0-0-0 Rhe8 22. dxe5 Qc5 23. Rxd8+ Rxd8 24. Nf3 Qa3+ 25. Kb1 Qxc3 26. a4 Qb4+ 27. Kc1 Qa3+ 28. Kb1 Rd3 29. Qa2 Qb4+ 30. Kc1 Qc3+ 31. Qc2 Qa1+ 0-1

[Event "Asnieres sur Seine Trophy"]
[Site "Asnieres sur Seine"]
[Date "2021.09.12"]
[Round "6"]
[White "Roux, Olivier"]
[Black "Shirazi, Kamran"]
[Result "0-1"]
[WhiteElo "2156"]
[BlackElo "2330"]
[PlyCount "90"]
[EventDate "2021.09.11"]
[EventType "swiss (rapid)"]
[EventRounds "11"]
[EventCountry "FRA"]
[SourceTitle "CBM 204 Extra"]
[Source "ChessBase"]
[SourceDate "2021.11.30"]
[SourceVersion "1"]
[SourceVersionDate "2021.11.30"]
[SourceQuality "1"]

1. e4 c5 2. Nf3 Nf6 3. Nc3 d5 4. exd5 Nxd5 5. Bb5+ Bd7 6. Bxd7+ Qxd7 7. 0-0 Nc6 8. Nxd5 Qxd5 9. d3 e6 10. Be3 Rd8 11. Re1 Be7 12. a3 0-0 13. Nd2 Bf6 14. Rb1 b6 15. Qf3 Qd7 16. Ne4 Be7 17. Qg3 Kh8 18. Bd2 Nd4 19. Bc3 f6 20. Rbc1 Qa4 21. b3 Qc6 22. a4 Rd5 23. f4 e5 24. fxe5 Rxe5 25. Kh1 Re8 26. Bd2 Bf8 27. Qh4 R5e6 28. Rf1 h6 29. Rf2 f5 30. Ng5 Be7 31. Nf7+ Kg8 32. Qh5 Rf8 33. Nxh6+ Rxh6 34. Bxh6 Qxh6 35. Qxh6 gxh6 36. Re1 Rf7 37. g3 Kg7 38. Kg2 Bd6 39. Re8 Kf6 40. Rd8 Bc7 41. Ra8 Be5 42. Rc8 h5 43. a5 h4 44. gxh4 f4 45. c3 Ne6 0-1

[Event "EU-Cup Online Gr-H"]
[Site "Tornelo INT"]
[Date "2021.03.27"]
[Round "1.2"]
[White "Roux, Olivier"]
[Black "Braun, Arik"]
[Result "0-1"]
[WhiteElo "2156"]
[BlackElo "2609"]
[PlyCount "76"]
[EventDate "2021.03.27"]
[EventType "team-tourn (rapid)"]
[EventRounds "9"]
[EventCountry "NET"]
[SourceTitle "CBM 201 Extra"]
[Source "ChessBase"]
[SourceDate "2021.05.31"]
[SourceVersion "1"]
[SourceVersionDate "2021.05.31"]
[SourceQuality "1"]
[WhiteTeam "Asnieres II"]
[BlackTeam "Hockenheim"]
[WhiteTeamCountry "FRA"]
[BlackTeamCountry "GER"]

1. e4 c6 2. d4 d5 3. Nc3 dxe4 4. Nxe4 Bf5 5. Ng3 Bg6 6. Nf3 Nd7 7. Bc4 e6 8. Qe2 Ngf6 9. Bf4 Be7 10. 0-0 Nd5 11. Bd2 0-0 12. c3 a5 13. a4 Qb6 14. b3 Rfe8 15. Rfe1 Rad8 16. Rac1 Ba3 17. Ra1 Bb2 18. Bxd5 cxd5 19. Bg5 Bxa1 20. Bxd8 Rxd8 21. Rxa1 Qxb3 22. Qd2 Rc8 23. Ne2 h6 24. Kf1 Qc2 25. Ke1 Qxd2+ 26. Kxd2 Kf8 27. Nf4 Be4 28. Ne1 Nb6 29. f3 Bh7 30. Ned3 Nc4+ 31. Ke1 g5 32. Ke2 gxf4 33. Nxf4 Rc6 34. Nd3 Rb6 35. Nc5 Rb2+ 36. Kf1 Ke7 37. Re1 b6 38. Nd3 Bxd3+ 0-1

[Event "EU-Cup Online Gr-H"]
[Site "Tornelo INT"]
[Date "2021.03.27"]
[Round "3.2"]
[White "Roux, Olivier"]
[Black "Mihok, Oliver"]
[Result "0-1"]
[WhiteElo "2156"]
[BlackElo "2547"]
[PlyCount "86"]
[EventDate "2021.03.27"]
[EventType "team-tourn (rapid)"]
[EventRounds "9"]
[EventCountry "NET"]
[SourceTitle "CBM 201 Extra"]
[Source "ChessBase"]
[SourceDate "2021.05.31"]
[SourceVersion "1"]
[SourceVersionDate "2021.05.31"]
[SourceQuality "1"]
[WhiteTeam "Asnieres II"]
[BlackTeam "Eupen Rochade"]
[WhiteTeamCountry "FRA"]
[BlackTeamCountry "BEL"]

1. e4 c5 2. Nf3 e6 3. d4 cxd4 4. Nxd4 Nc6 5. Nc3 Qc7 6. g3 a6 7. Bg2 Nf6 8. 0-0 Nxd4 9. Qxd4 Bc5 10. Bf4 d6 11. Qd3 Ng4 12. Qe2 Ne5 13. Nd1 b5 14. Ne3 Bb7 15. Bxe5 dxe5 16. c3 0-0 17. Rfd1 Bc6 18. Rd3 Qb7 19. Nc2 f5 20. Rad1 fxe4 21. Re3 Bxe3 22. Qxe3 Rad8 23. Re1 Rd3 24. Qe2 Qd7 25. Bxe4 Rd2 26. Bxc6 Rxe2 27. Bxd7 Rxc2 28. Bxe6+ Kh8 29. Bb3 Rcxf2 30. Rxe5 Rxb2 31. c4 bxc4 32. Bxc4 g6 33. Bxa6 Rxa2 34. Bc4 Rc2 35. Re4 Rff2 36. Rh4 Rg2+ 37. Kh1 g5 38. Rg4 Rxh2+ 39. Kg1 Rhg2+ 40. Kf1 Rgd2 41. Ke1 Rh2 42. Rd4 Rc1+ 43. Rd1 Rxc4 0-1

[Event "Montpellier op"]
[Site "Montpellier"]
[Date "2007.07.12"]
[Round "6"]
[White "Roux, Olivier"]
[Black "Ramaswamy, Aarthie"]
[Result "0-1"]
[WhiteElo "2165"]
[BlackElo "2281"]
[PlyCount "58"]
[EventDate "2007.12.26"]
[EventType "swiss"]
[EventRounds "7"]
[EventCountry "FRA"]
[SourceTitle "CBM 119 Extra"]
[Source "ChessBase"]
[SourceDate "2007.09.04"]
[SourceVersion "1"]
[SourceVersionDate "2007.09.04"]
[SourceQuality "1"]

1. e4 c5 2. Nf3 Nc6 3. d4 cxd4 4. Nxd4 Nf6 5. Nc3 d6 6. Be2 e5 7. Nxc6 bxc6 8. 0-0 Be7 9. Bc4 0-0 10. Qe2 Qb6 11. Kh1 Be6 12. Bxe6 fxe6 13. b3 Rf7 14. Bb2 Raf8 15. Na4 Qc7 16. c4 Nd7 17. Rad1 Qb7 18. Ba3 d5 19. Bxe7 Rxe7 20. Qd3 Nf6 21. f3 Ref7 22. Kg1 Qe7 23. Rfe1 d4 24. c5 Nh5 25. Qa6 Qg5 26. Qxc6 Rxf3 27. Qxe6+ Kh8 28. h4 Qg3 29. Rf1 Nf4 0-1

[Event "Montigny le Bretonneux Noel op 09th"]
[Site "Montigny le Bretonneux"]
[Date "2006.12.27"]
[Round "5"]
[White "Murey, Jacob"]
[Black "Roux, Olivier"]
[Result "1-0"]
[WhiteElo "2487"]
[BlackElo "2169"]
[PlyCount "55"]
[EventDate "2006.12.27"]
[EventType "swiss"]
[EventRounds "7"]
[EventCountry "FRA"]
[SourceTitle "CBM 116 Extra"]
[Source "ChessBase"]
[SourceDate "2007.03.07"]
[SourceVersion "1"]
[SourceVersionDate "2007.03.07"]
[SourceQuality "1"]

1. e4 c5 2. Nf3 Nc6 3. d4 cxd4 4. Nxd4 Nf6 5. Nc3 e5 6. Ndb5 d6 7. Bg5 a6 8. Na3 Be6 9. Nc4 Rc8 10. Bxf6 gxf6 11. Ne3 Bh6 12. Ng4 Bg7 13. Bd3 d5 14. exd5 Bxd5 15. Nxd5 Qxd5 16. 0-0 Ne7 17. Ne3 Qe6 18. Qf3 Rc7 19. Be4 Bh6 20. Nf5 Nxf5 21. Bxf5 Qb6 22. Rad1 Bf8 23. Rd3 Qxb2 24. Bd7+ Rxd7 25. Rxd7 Kxd7 26. Qxf6 Qxc2 27. Qxh8 Be7 28. Qxe5 1-0

[Event "Montigny le Bretonneux 3rd"]
[Site "Montigny le Bretonneux"]
[Date "2004.11.01"]
[Round "9"]
[White "Sanchez, Louis"]
[Black "Roux, Olivier"]
[Result "1-0"]
[WhiteElo "2247"]
[BlackElo "2137"]
[PlyCount "49"]
[EventDate "2004.10.??"]
[EventType "swiss"]
[EventRounds "9"]
[EventCountry "FRA"]
[SourceTitle "EXT 2006"]
[Source "ChessBase"]
[SourceDate "2005.11.24"]
[SourceVersion "1"]
[SourceVersionDate "2005.11.24"]
[SourceQuality "1"]

1. e4 d6 2. d4 Nf6 3. Nc3 g6 4. Be3 c6 5. Qd2 b5 6. Bd3 Nbd7 7. Nf3 Bg7 8. h3 Nb6 9. e5 Nfd5 10. Bh6 0-0 11. Nxd5 Nxd5 12. 0-0 Nb6 13. Qf4 dxe5 14. Qh4 exd4 15. Ng5 f6 16. Nxh7 Bxh6 17. Qxh6 Rf7 18. Bxg6 Rg7 19. Rae1 Nc4 20. Nxf6+ exf6 21. Re8+ Qxe8 22. Bxe8 Bb7 23. Re1 c5 24. Bxb5 Ne5 25. Rxe5 1-0

[Event "Montigny le Bretonneux 3rd"]
[Site "Montigny le Bretonneux"]
[Date "2004.10.31"]
[Round "8"]
[White "Roux, Olivier"]
[Black "Hogrel, Nicolas"]
[Result "0-1"]
[WhiteElo "2137"]
[BlackElo "2017"]
[PlyCount "124"]
[EventDate "2004.10.??"]
[EventType "swiss"]
[EventRounds "9"]
[EventCountry "FRA"]
[SourceTitle "EXT 2006"]
[Source "ChessBase"]
[SourceDate "2005.11.24"]
[SourceVersion "1"]
[SourceVersionDate "2005.11.24"]
[SourceQuality "1"]

1. e4 e5 2. Nf3 Nc6 3. d4 exd4 4. Nxd4 Qh4 5. Nb5 Bb4+ 6. N1c3 Ba5 7. Be3 Nf6 8. Be2 a6 9. g3 Qh3 10. Nd4 Nxe4 11. Bg4 Nxc3 12. Bxh3 Nxd1+ 13. Kxd1 d6 14. Bg2 Nxd4 15. Bxd4 0-0 16. c3 c6 17. Re1 Be6 18. b4 Bc7 19. a4 Rfe8 20. Kd2 Bc4 21. b5 d5 22. bxc6 bxc6 23. Bh3 Bd6 24. Rab1 c5 25. Be3 Rab8 26. a5 Rxb1 27. Rxb1 Bb5 28. Bg4 Rd8 29. Kc2 Be7 30. Bf3 f6 31. Rxb5 axb5 32. a6 Kf7 33. Bf4 Ke6 34. a7 Bd6 35. Bg4+ Ke7 36. Bf3 Ra8 37. Bxd5 Rxa7 38. Be3 Ra1 39. Kb2 Ra5 40. h4 h6 41. Bg8 Ra8 42. Bd5 Rc8 43. Bb7 Rc7 44. Ba6 c4 45. Kc2 b4 46. cxb4 Bxb4 47. f3 Be1 48. Bf4 Rc6 49. Bb7 Rc5 50. Kd1 Bf2 51. Kc2 g5 52. hxg5 fxg5 53. Bd2 Rc7 54. Bb4+ Ke6 55. Be4 Bxg3 56. Bf8 h5 57. Bg6 h4 58. Bh5 Kf5 59. Bg4+ Kf4 60. Bh6 Rc6 61. Bg7 Ke3 62. Bh8 Bf4 0-1

[Event "Montigny le Bretonneux 3rd"]
[Site "Montigny le Bretonneux"]
[Date "2004.10.30"]
[Round "7"]
[White "Roux, Olivier"]
[Black "Hedjazian, Kayhan"]
[Result "1/2-1/2"]
[WhiteElo "2137"]
[BlackElo "2124"]
[PlyCount "30"]
[EventDate "2004.10.??"]
[EventType "swiss"]
[EventRounds "9"]
[EventCountry "FRA"]
[SourceTitle "EXT 2006"]
[Source "ChessBase"]
[SourceDate "2005.11.24"]
[SourceVersion "1"]
[SourceVersionDate "2005.11.24"]
[SourceQuality "1"]

1. e4 e6 2. d4 d5 3. Nc3 Bb4 4. e5 c5 5. a3 Bxc3+ 6. bxc3 Ne7 7. Nf3 Bd7 8. Bd3 c4 9. Be2 Ba4 10. 0-0 Nbc6 11. Ng5 h6 12. Nh3 Qa5 13. Bd2 0-0-0 14. Nf4 g6 15. Qc1 Nf5 1/2-1/2

[Event "Montigny le Bretonneux 3rd"]
[Site "Montigny le Bretonneux"]
[Date "2004.10.25"]
[Round "2"]
[White "Roux, Olivier"]
[Black "Plantet, Marc"]
[Result "1-0"]
[WhiteElo "2137"]
[BlackElo "2076"]
[PlyCount "39"]
[EventDate "2004.10.??"]
[EventType "swiss"]
[EventRounds "9"]
[EventCountry "FRA"]
[SourceTitle "EXT 2006"]
[Source "ChessBase"]
[SourceDate "2005.11.24"]
[SourceVersion "1"]
[SourceVersionDate "2005.11.24"]
[SourceQuality "1"]

1. e4 c6 2. d4 d5 3. exd5 cxd5 4. Bd3 Nc6 5. Nf3 Bg4 6. c3 e6 7. Nbd2 Bd6 8. Nf1 Nge7 9. Ng3 Qc7 10. h3 Bxf3 11. Qxf3 Rb8 12. Nh5 0-0 13. Bh6 gxh6 14. Qf6 Be5 15. Qxh6 Ng6 16. dxe5 Qxe5+ 17. Kf1 b5 18. Re1 Qh8 19. g4 b4 20. g5 1-0

[Event "Montigny le Bretonneux 3rd"]
[Site "Montigny le Bretonneux"]
[Date "2004.10.24"]
[Round "1"]
[White "Roux, Olivier"]
[Black "Rouzaud, Philippe"]
[Result "1/2-1/2"]
[WhiteElo "2137"]
[BlackElo "2246"]
[PlyCount "60"]
[EventDate "2004.10.??"]
[EventType "swiss"]
[EventRounds "9"]
[EventCountry "FRA"]
[SourceTitle "EXT 2006"]
[Source "ChessBase"]
[SourceDate "2005.11.24"]
[SourceVersion "1"]
[SourceVersionDate "2005.11.24"]
[SourceQuality "1"]

1. e4 c5 2. Nf3 Nc6 3. d4 cxd4 4. Nxd4 e5 5. Nb5 Nf6 6. N1c3 d6 7. Bg5 a6 8. Na3 Be6 9. Nc4 Rc8 10. Bxf6 gxf6 11. Bd3 Ne7 12. Ne3 Qb6 13. 0-0 Qxb2 14. Ncd5 Bxd5 15. exd5 Qd4 16. Rb1 Rc7 17. a3 Bh6 18. Rb4 Qc3 19. Rc4 Rxc4 20. Nxc4 Nc8 21. Qh5 b5 22. Qxh6 bxc4 23. Qxf6 Rf8 24. Bf5 Ne7 25. Rb1 Nxf5 26. Qxf5 Kd8 27. Qf6+ Kd7 28. h4 Qxc2 29. Rb7+ Kc8 30. Qe7 Qc1+ 1/2-1/2

[Event "Montigny le Bretonneux-A 2nd"]
[Site "Montigny le Bretonneux"]
[Date "2003.10.29"]
[Round "6"]
[White "Forissier, Nicolas"]
[Black "Roux, Olivier"]
[Result "1-0"]
[WhiteElo "1990"]
[BlackElo "2107"]
[PlyCount "59"]
[EventDate "2003.10.??"]
[EventType "swiss"]
[EventRounds "9"]
[EventCountry "FRA"]
[SourceTitle "EXT 2005"]
[Source "ChessBase"]
[SourceDate "2004.11.15"]
[SourceVersion "1"]
[SourceVersionDate "2004.11.15"]
[SourceQuality "1"]

1. d4 c5 2. dxc5 e6 3. Be3 Na6 4. Nf3 Nf6 5. Nc3 Nxc5 6. g3 Qa5 7. Qd2 Qb4 8. Rb1 Na4 9. a3 Qc4 10. Ne5 Qc7 11. Nxa4 Qxe5 12. Bg2 Be7 13. 0-0 h5 14. h4 Qb5 15. Nc3 Qa5 16. b4 Qd8 17. Nb5 d5 18. Bf4 0-0 19. Nc7 Ng4 20. Nxa8 e5 21. Bg5 Be6 22. Bxe7 Qxe7 23. Rfd1 d4 24. c3 Rxa8 25. cxd4 Rd8 26. d5 f5 27. Qg5 Qxg5 28. hxg5 Bf7 29. Rbc1 Rd7 30. d6 1-0

[Event "FRA-chT2S"]
[Site "France"]
[Date "2003.01.19"]
[Round "6.8"]
[White "Roux, Olivier"]
[Black "Coutton, Sylvain"]
[Result "1-0"]
[WhiteElo "2123"]
[BlackElo "2148"]
[PlyCount "67"]
[EventDate "2002.10.??"]
[EventType "team"]
[EventRounds "11"]
[EventCountry "FRA"]
[SourceTitle "EXT 2004"]
[Source "ChessBase"]
[SourceDate "2003.11.25"]
[SourceVersion "1"]
[SourceVersionDate "2003.11.25"]
[SourceQuality "1"]

1. e4 c5 2. Nf3 Nc6 3. d4 cxd4 4. Nxd4 Nf6 5. Nc3 e5 6. Ndb5 d6 7. Bg5 a6 8. Na3 b5 9. Nd5 Be7 10. Bxf6 Bxf6 11. c3 Bg5 12. Nc2 0-0 13. Bd3 Ne7 14. Nce3 Bxe3 15. Nxe3 Bb7 16. 0-0 g6 17. a4 d5 18. axb5 axb5 19. Rxa8 Bxa8 20. Bxb5 d4 21. Ng4 Qd6 22. cxd4 exd4 23. Qd3 Qe6 24. f3 h5 25. Bc4 Qb6 26. Ne5 Qd6 27. Nxf7 Rxf7 28. Qb3 Qf4 29. Rd1 Nc6 30. Ra1 Bb7 31. Qxb7 Nd8 32. Qd7 Qe3+ 33. Kh1 Kg7 34. Qxd8 1-0

[Event "FRA-chT2"]
[Site "France"]
[Date "2002.03.09"]
[Round "8"]
[White "Soubrier, Aude"]
[Black "Roux, Olivier"]
[Result "0-1"]
[WhiteElo "1960"]
[BlackElo "2169"]
[PlyCount "84"]
[EventDate "2002.??.??"]
[EventType "team"]
[EventRounds "11"]
[EventCountry "FRA"]
[SourceTitle "EXT 2003"]
[Source "ChessBase"]
[SourceDate "2002.11.25"]
[SourceVersion "1"]
[SourceVersionDate "2002.11.25"]
[SourceQuality "1"]

1. d4 c5 2. d5 Nf6 3. Nf3 d6 4. Nc3 g6 5. e4 Bg7 6. Be2 0-0 7. 0-0 Na6 8. Nd2 Nc7 9. a4 b6 10. Nc4 Rb8 11. Bf4 Nd7 12. Qd2 a6 13. Rab1 Ne8 14. Nd1 Bb7 15. Nde3 Ndf6 16. Bf3 Ba8 17. e5 dxe5 18. Nxe5 Rc8 19. c4 Nd6 20. Qc2 Nd7 21. N5g4 h5 22. Nh6+ Kh7 23. Bxd6 exd6 24. Nhf5 Ne5 25. Nxg7 Nxf3+ 26. gxf3 Kxg7 27. f4 b5 28. b3 Qh4 29. f5 Rce8 30. Qb2+ Kh7 31. fxg6+ fxg6 32. Ng2 Qg4 33. Rbe1 bxc4 34. bxc4 Qxc4 35. Rxe8 Rxe8 36. Ne3 Qf4 37. Qb6 Qg5+ 38. Ng2 Bxd5 39. f3 Re2 40. Qc7+ Kh6 41. Rf2 Re1+ 42. Rf1 Bxf3 0-1

[Event "Montigny le Bretonneux Noel op 04th"]
[Site "Montigny le Bretonneux"]
[Date "2001.12.31"]
[Round "7.2"]
[White "Bonnin, Bruno"]
[Black "Roux, Olivier"]
[Result "1-0"]
[WhiteElo "2034"]
[BlackElo "2168"]
[PlyCount "89"]
[EventDate "2001.12.26"]
[EventType "swiss"]
[EventRounds "7"]
[EventCountry "FRA"]
[SourceTitle "EXT 2003"]
[Source "ChessBase"]
[SourceDate "2002.11.25"]
[SourceVersion "1"]
[SourceVersionDate "2002.11.25"]
[SourceQuality "1"]

1. g3 d5 2. Bg2 Nf6 3. Nf3 g6 4. 0-0 Bg7 5. d3 0-0 6. Nbd2 c6 7. e4 Bg4 8. Qe2 e6 9. e5 Nfd7 10. h3 Bxf3 11. Nxf3 c5 12. Re1 Nc6 13. Bf4 Rc8 14. c3 Na5 15. h4 c4 16. d4 b5 17. Bh3 Qb6 18. h5 Rfe8 19. Kg2 b4 20. hxg6 fxg6 21. Qd2 bxc3 22. bxc3 Rb8 23. Rab1 Qxb1 24. Rxb1 Rxb1 25. Qc2 Rb5 26. Ng5 Nf8 27. Bc1 h6 28. Nxe6 Rxe6 29. Bxe6+ Nxe6 30. Qxg6 Nf8 31. Qa6 Rb1 32. Qxa5 Rxc1 33. Qxd5+ Kh7 34. Qxc4 Ng6 35. f4 h5 36. Qd3 Ra1 37. Qc2 Kh6 38. Qd2 Kh7 39. Qb2 Rd1 40. Qe2 Rc1 41. Qxh5+ Bh6 42. Qf5 Rxc3 43. Qd7+ Bg7 44. f5 Nxe5 45. dxe5 1-0

[Event "Montigny le Bretonneux Noel op 04th"]
[Site "Montigny le Bretonneux"]
[Date "2001.12.29"]
[Round "5.2"]
[White "Aurel, Luc"]
[Black "Roux, Olivier"]
[Result "1/2-1/2"]
[WhiteElo "2199"]
[BlackElo "2168"]
[PlyCount "152"]
[EventDate "2001.12.26"]
[EventType "swiss"]
[EventRounds "7"]
[EventCountry "FRA"]
[SourceTitle "EXT 2003"]
[Source "ChessBase"]
[SourceDate "2002.11.25"]
[SourceVersion "1"]
[SourceVersionDate "2002.11.25"]
[SourceQuality "1"]

1. c4 Nf6 2. Nc3 c5 3. g3 g6 4. Bg2 Bg7 5. d3 0-0 6. e4 d6 7. Nge2 Nc6 8. 0-0 a6 9. h3 Rb8 10. f4 b5 11. e5 dxe5 12. Bxc6 Bxh3 13. Bg2 Bxg2 14. Kxg2 exf4 15. Nxf4 h5 16. Qe2 Ng4 17. a4 bxc4 18. dxc4 e6 19. Nd3 Bd4 20. Ne4 Qc7 21. Nef2 Qc6+ 22. Qe4 Qxe4+ 23. Nxe4 Rfc8 24. Rb1 Rb3 25. Nef2 Nxf2 26. Nxf2 Rcb8 27. Ne4 R3b4 28. b3 Rxb3 29. Rxb3 Rxb3 30. Ng5 Rb4 31. Nxf7 Rxc4 32. Ng5 Rxc1 33. Rxc1 Be3 34. Re1 Bxg5 35. Rxe6 Kf7 36. Rxa6 Bd2 37. Kf3 g5 38. Ke2 Bc3 39. Rh6 h4 40. gxh4 gxh4 41. Rxh4 Ke6 42. Kd3 Bb4 43. Kc4 Kd6 44. Rh6+ Kc7 45. Kb5 Bd2 46. Rh7+ Kb8 47. Kxc5 Be3+ 48. Kb5 Ka8 49. a5 Bf4 50. Ka6 Bg3 51. Rh8+ Bb8 52. Kb5 Ka7 53. Rh7+ Ka8 54. a6 Bg3 55. a7 Be5 56. Ka6 Bg7 57. Rh4 Bd4 58. Rh7 Bg7 59. Kb5 Bd4 60. Kc6 Bxa7 61. Rb7 Bb8 62. Rb4 Ba7 63. Kc7 Bg1 64. Ra4+ Ba7 65. Kc6 Kb8 66. Rb4+ Ka8 67. Rg4 Bb8 68. Kd7 Kb7 69. Rb4+ Ka8 70. Kc8 Ba7 71. Rg4 Bb8 72. Rg7 Ba7 73. Rb7 Bg1 74. Rb1 Bd4 75. Rb4 Bc5 76. Ra4+ Ba7 1/2-1/2

[Event "Montigny le Bretonneux op"]
[Site "Montigny le Bretonneux"]
[Date "1999.??.??"]
[Round "4"]
[White "Roux, Olivier"]
[Black "Goulenok, Eric"]
[Result "1/2-1/2"]
[WhiteElo "2179"]
[BlackElo "2171"]
[PlyCount "81"]
[EventDate "1999.11.??"]
[EventType "swiss"]
[EventRounds "7"]
[EventCountry "FRA"]
[SourceTitle "EXT 2002"]
[Source "ChessBase"]
[SourceDate "2001.11.25"]
[SourceVersion "1"]
[SourceVersionDate "2001.11.25"]
[SourceQuality "1"]

1. e4 c5 2. Nf3 Nc6 3. d4 cxd4 4. Nxd4 g6 5. Nc3 Bg7 6. Be3 Nf6 7. f3 d6 8. Qd2 0-0 9. h4 d5 10. 0-0-0 dxe4 11. Nxc6 Qxd2+ 12. Bxd2 bxc6 13. fxe4 Ng4 14. Re1 Be6 15. Ba6 Rfb8 16. b3 Rd8 17. Na4 Ne5 18. Bf4 Bg4 19. Nc5 Rd4 20. c3 Rdd8 21. Kc2 h5 22. Rhf1 Bf6 23. g3 Nf3 24. Rxf3 Bxf3 25. e5 Bg7 26. e6 fxe6 27. Nxe6 Rd7 28. Nc5 Rdd8 29. Bb7 Bf6 30. Bxa8 Rxa8 31. Be5 Kf7 32. Re3 Bg4 33. Bc7 Bf5+ 34. Kb2 g5 35. hxg5 Bxg5 36. Re5 Kf6 37. Ne4+ Bxe4 38. Rxe4 Rc8 39. Bf4 Bxf4 40. Rxf4+ Kg5 41. c4 1/2-1/2